Statistiken für Bundesliga: Nenne alle Länder aus denen Spieler in der Liga spielen

Klicken Sie hier um das Quiz zu spielen!

Allgemein

  • Dieses Quiz wurde 2.360 mal gespielt
    (565 seit der letzten Aktualisierung)
  • Das Durchschnittsergebnis liegt bei 41 aus 56

Antwortstatistiken

Anzahl
Spieler
Nation% Korrekt
200+Deutschland
100%
31Frankreich
99%
27Österreich
98%
12Schweiz
97%
4Spanien
97%
10Niederlande
95%
10Vereinigte Staaten
95%
7Brasilien
94%
6Schweden
94%
11Belgien
93%
6England
93%
3Norwegen
93%
4Polen
93%
6Portugal
93%
3Italien
92%
8Japan
91%
9Tschechien
91%
2Argentinien
90%
13Dänemark
90%
2Finnland
89%
1Kanada
88%
10Kroatien
86%
4Marokko
85%
1Ukraine
85%
2Türkei
84%
3Serbien
81%
3Südkorea
81%
5Ungarn
80%
1Ägypten
78%
1Griechenland
78%
3Luxemburg
76%
1Slowakei
74%
2Slowenien
73%
2Algerien
72%
2Albanien
71%
5Ghana
69%
2Kolumbien
68%
1Bosnien-Herzegowina
67%
2Nigeria
67%
1Senegal
66%
1Schottland
65%
1Kamerun
64%
2Tunesien
64%
3Elfenbeinküste
63%
2Kosovo
62%
1Israel
55%
3Ecuador
50%
1DR Kongo
46%
2Mali
45%
3Guinea
42%
2Armenien
34%
1Burkina Faso
34%
1Togo
32%
1Costa Rica
28%
1Gambia
22%
1Suriname
15%

Verteilung der Resultate

Perzentil nach korrekt beantworteten Fragen

Anzahl Personen mit jedem Resultat

Ihre Resultats-Entwicklung

Sie haben dieses Quiz seit der letzten Aktualisierung nicht gespielt